International Marketing Research

Enregistré dans:
Détails bibliographiques
Auteur principal: Douglas, Susan P.
Autres auteurs: Craig, Samuel C.
Format: Livre
Langue:anglais
Publié: Englewood Cliffs Prentice - Hall 1983
Édition:1. ed.
Tags: Ajouter un tag
Pas de tags, Soyez le premier à ajouter un tag!

MARC

LEADER 00000nam a2200000 4500
001 c028776
005 20221220085107.8
041 0 |a eng 
044 |a US 
245 1 0 |a International Marketing Research  |c Susan P. Douglas, Samuel C. Craig 
250 |a 1. ed. 
264 1 |a Englewood Cliffs  |b Prentice - Hall  |c 1983 
300 |a 305 s. 
100 1 |a Douglas, Susan P. 
700 1 |a Craig, Samuel C.